[Event "CZECH OPEN 2011 "]
[Site "Pardubice (CZE)"]
[Date "2011.07.24"]
[Round "3.74"]
[White "Orujov, Shujaat Ismiali Oglu"]
[Black "Dann, Matthias"]
[Result "1/2-1/2"]
[WhiteElo "2204"]
[BlackElo "2373"]
[PlyCount "76"]
[EventDate "2011.07.22"]

1. e4 e6 2. d4 d5 3. exd5 exd5 4. Nf3 Bg4 5. Be2 Bd6 6. O-O Ne7 7. Ne5 Bxe2 8.
Qxe2 O-O 9. Bf4 Re8 10. Qf3 Bxe5 11. Bxe5 Nbc6 12. Qd3 Qd7 13. Bg3 Nf5 14. c3
Nce7 15. Nd2 c6 16. Rfe1 Ng6 17. Nf3 f6 18. Rad1 Kf7 19. a3 Nf8 20. Kf1 g5 21.
Rxe8 Rxe8 22. Re1 Rxe1+ 23. Nxe1 h5 24. h3 Qe6 25. Bb8 a6 26. Qf3 Kg6 27. Qd3
Kf7 28. Qe2 g4 29. hxg4 hxg4 30. Nd3 Qxe2+ 31. Kxe2 Ne6 32. Bf4 Kg6 33. Bb8 Nh6
34. Ke3 Kh5 35. Bg3 Nf7 36. Bh2 Nfg5 37. Bb8 Ne4 38. a4 N4g5 1/2-1/2

[Event "CZECH OPEN 2011 "]
[Site "Pardubice (CZE)"]
[Date "2011.07.24"]
[Round "3.75"]
[White "Schuh, Dirk"]
[Black "Folkova, Martina"]
[Result "1-0"]
[WhiteElo "2364"]
[BlackElo "2136"]
[PlyCount "177"]
[EventDate "2011.07.22"]

1. e4 e5 2. Nf3 Nc6 3. Bc4 Bc5 4. c3 Nf6 5. d3 d6 6. O-O Bb6 7. Bb3 Ne7 8. Nbd2
c6 9. Nc4 Bc7 10. d4 Nxe4 11. Qe2 d5 12. Ncxe5 O-O 13. Re1 Ng6 14. Nxg6 hxg6
15. Ne5 Qh4 16. g3 Qh3 17. Be3 Bf5 18. f3 Nf6 19. g4 Be6 20. Bf4 Rfe8 21. Qg2
Qxg2+ 22. Kxg2 Rac8 23. h4 Nd7 24. Nd3 Bd8 25. Kg3 Nf8 26. Nc5 b6 27. Nb7 Bc7
28. Nd6 Bxd6 29. Bxd6 Nh7 30. Bf4 Nf6 31. Bc2 a5 32. Re2 b5 33. a4 Ra8 34. Bd1
Nd7 35. Kf2 Nb6 36. axb5 cxb5 37. Bd6 a4 38. Bc5 Nc4 39. Ra2 f5 40. g5 Kf7 41.
Kg3 Rh8 42. f4 Rhe8 43. b3 axb3 44. Bxb3 Red8 45. Bd1 Rdb8 46. Kf2 Rh8 47. Kg3
Rhe8 48. Kf2 Rh8 49. Rec2 Rhe8 50. Bf3 Rec8 51. Re2 Rd8 52. h5 Rxa2 53. Rxa2
gxh5 54. Bxh5+ g6 55. Bf3 Rd7 56. Ke2 Ke8 57. Kd3 Kf7 58. Kc2 Kg7 59. Kb3 Bf7
60. Kb4 Rb7 61. Re2 Kg8 62. Bh1 Rb8 63. Bg2 Rb7 64. Bf3 Rb8 65. Be7 Nb6 66. Bf6
Nd7 67. Be5 Rc8 68. Re3 Rc4+ 69. Kxb5 Nxe5 70. dxe5 Be6 71. Rd3 Rxf4 72. Bxd5
Kf7 73. c4 Rg4 74. c5 Rxg5 75. c6 Rg1 76. c7 Rc1 77. Kb6 g5 78. Rd4 Bxd5 79.
Rxd5 Ke6 80. Rc5 Rxc5 81. Kxc5 g4 82. c8=Q+ Kxe5 83. Qe8+ Kf4 84. Kd4 g3 85.
Qg6 Kf3 86. Qxf5+ Ke2 87. Qg4+ Kf2 88. Qf4+ Kg2 89. Ke3 1-0

[Event "CZECH OPEN 2011 "]
[Site "Pardubice (CZE)"]
[Date "2011.07.24"]
[Round "3.76"]
[White "Straka, Vojtech"]
[Black "Sarkozy, Ladislav"]
[Result "1-0"]
[WhiteElo "2200"]
[BlackElo "2364"]
[PlyCount "57"]
[EventDate "2011.07.22"]

1. d4 Nf6 2. Nf3 e6 3. Bg5 c5 4. e3 b6 5. d5 h6 6. Bxf6 Qxf6 7. Nc3 a6 8. a4 d6
9. dxe6 fxe6 10. e4 Nd7 11. Bc4 Bb7 12. O-O Be7 13. Qe2 O-O 14. Nd2 Kh8 15.
Rae1 Qg6 16. f4 Bh4 17. Rd1 Bf6 18. e5 dxe5 19. Bxe6 Qe8 20. f5 Nb8 21. Nc4 Nc6
22. Nxb6 Nd4 23. Qg4 Rd8 24. Ncd5 Rd6 25. c3 Nxe6 26. Nxf6 gxf6 27. Rxd6 Rg8
28. Rxe6 Qd8 29. Rd1 1-0

[Event "CZECH OPEN 2011 "]
[Site "Pardubice (CZE)"]
[Date "2011.07.24"]
[Round "3.58"]
[White "Szablowski, Pawel"]
[Black "Kutynec, Vladimir"]
[Result "1-0"]
[WhiteElo "2433"]
[BlackElo "2259"]
[PlyCount "85"]
[EventDate "2011.07.22"]

1. f4 c5 2. b3 Nf6 3. Bb2 g6 4. Nf3 Bg7 5. e3 b6 6. Be2 Bb7 7. O-O O-O 8. Qe1
Nc6 9. d3 d5 10. h3 Ne8 11. Bxg7 Nxg7 12. g4 e5 13. fxe5 Qe7 14. d4 f6 15. Bb5
fxe5 16. Bxc6 Bxc6 17. Nxe5 Rxf1+ 18. Qxf1 cxd4 19. exd4 Rf8 20. Qd3 Ne6 21.
Nd2 Qh4 22. Rf1 Nf4 23. Qe3 g5 24. Kh2 Rf6 25. Qg3 Qxg3+ 26. Kxg3 Ne2+ 27. Kg2
Nf4+ 28. Kh2 Bb5 29. Rf3 Be2 30. Re3 Rh6 31. c4 dxc4 32. bxc4 b5 33. c5 Ra6 34.
c6 Rxa2 35. c7 Bxg4 36. Nxg4 Rxd2+ 37. Kh1 Rd1+ 38. Kh2 Rd2+ 39. Kg1 Nxh3+ 40.
Rxh3 Rc2 41. Nf6+ Kg7 42. Nd5 b4 43. Nc3 1-0

[Event "CZECH OPEN 2011 "]
[Site "Pardubice (CZE)"]
[Date "2011.07.24"]
[Round "3.59"]
[White "Liepold, Stefan"]
[Black "Bodnaruk, Anastasia"]
[Result "1/2-1/2"]
[WhiteElo "2266"]
[BlackElo "2431"]
[PlyCount "59"]
[EventDate "2011.07.22"]

1. e4 c5 2. Nf3 d6 3. d4 cxd4 4. Nxd4 Nf6 5. Nc3 a6 6. Bc4 e6 7. Bb3 b5 8. O-O
Be7 9. Qf3 Qc7 10. Qg3 Nc6 11. Nxc6 Qxc6 12. Re1 Bb7 13. Qxg7 Rg8 14. Qh6 Rd8
15. f3 d5 16. exd5 Nxd5 17. Nxd5 Rxd5 18. Bxd5 Qxd5 19. Qh3 h5 20. Be3 h4 21.
a4 Qxf3 22. Qxf3 Bxf3 23. Kf2 Bc6 24. g3 hxg3+ 25. hxg3 Rh8 26. axb5 Rh2+ 27.
Kg1 Rh1+ 28. Kf2 Rh2+ 29. Kg1 Rh1+ 30. Kf2 1/2-1/2

[Event "CZECH OPEN 2011 "]
[Site "Pardubice (CZE)"]
[Date "2011.07.24"]
[Round "3.60"]
[White "Netzer, Jacques"]
[Black "Talla, Vladimir"]
[Result "1/2-1/2"]
[WhiteElo "2261"]
[BlackElo "2427"]
[PlyCount "62"]
[EventDate "2011.07.22"]

1. e4 c5 2. Nf3 d6 3. d4 cxd4 4. Nxd4 Nf6 5. Nc3 e6 6. Be2 e5 7. Nb3 Be7 8. O-O
O-O 9. Be3 Be6 10. Qd2 Nbd7 11. a4 Rc8 12. a5 Qc7 13. Rfd1 Nc5 14. Nxc5 dxc5
15. Bg5 Rfd8 16. Qe3 h6 17. Bh4 Rd4 18. Bf3 Rcd8 19. Re1 Re8 20. b3 Ng4 21.
Bxg4 Bxh4 22. Qf3 Bg5 23. Re2 Red8 24. h4 Bd2 25. Bxe6 fxe6 26. Nd1 Bxa5 27.
Ne3 Rf8 28. Qh3 Bc3 29. Qxe6+ Qf7 30. Qxf7+ Rxf7 31. Ra4 Rxa4 1/2-1/2

[Event "CZECH OPEN 2011 "]
[Site "Pardubice (CZE)"]
[Date "2011.07.24"]
[Round "3.61"]
[White "Steinberg, Nitzan"]
[Black "Potapov, Alexander"]
[Result "0-1"]
[WhiteElo "2259"]
[BlackElo "2418"]
[PlyCount "108"]
[EventDate "2011.07.22"]

1. e4 e5 2. Nf3 Nc6 3. Bb5 a6 4. Ba4 Nf6 5. Qe2 b5 6. Bb3 Bc5 7. c3 O-O 8. O-O
d6 9. Rd1 Bb6 10. h3 Na5 11. Bc2 c5 12. d3 h6 13. Be3 Re8 14. Nbd2 Nc6 15. Nf1
d5 16. Ng3 d4 17. cxd4 exd4 18. Bd2 Bc7 19. Rac1 Be6 20. Bb3 Bxg3 21. fxg3 Qb6
22. Rf1 Rac8 23. g4 c4 24. dxc4 bxc4 25. Bxc4 Nxe4 26. Bxe6 Rxe6 27. Qd3 Rce8
28. Rfe1 Nxd2 29. Qxd2 d3+ 30. Kh1 Qb5 31. Rxe6 Rxe6 32. Rd1 Rd6 33. Qf4 Qd5
34. a3 f6 35. Qa4 Ne5 36. Nd2 Rc6 37. Qb3 Qxb3 38. Nxb3 Rc2 39. Rd2 Rc8 40. Kg1
Kf7 41. Rd1 Ke6 42. Nc1 Rd8 43. Kf2 a5 44. a4 d2 45. Nb3 Nc4 46. Ke2 Rb8 47.
Nd4+ Kd5 48. Nb5 Re8+ 49. Kf2 Re3 50. Na3 Rxa3 51. bxa3 Kd4 52. Ke2 Kc3 53. Ra1
Nb2 54. h4 Kc2 0-1

[Event "CZECH OPEN 2011 "]
[Site "Pardubice (CZE)"]
[Date "2011.07.24"]
[Round "3.62"]
[White "Samolins, Vitalijs"]
[Black "Folk, Petr"]
[Result "1-0"]
[WhiteElo "2412"]
[BlackElo "2257"]
[PlyCount "95"]
[EventDate "2011.07.22"]

1. e4 c5 2. Nc3 Nc6 3. g3 g6 4. Bg2 Bg7 5. d3 d6 6. f4 e6 7. Nf3 Nge7 8. Be3
Nd4 9. O-O O-O 10. e5 Nef5 11. Bf2 Nxf3+ 12. Qxf3 Nd4 13. Qd1 dxe5 14. fxe5
Bxe5 15. Ne4 f5 16. Nxc5 Qd6 17. b4 Nc6 18. Rb1 Bd4 19. Qe1 a5 20. Bxc6 bxc6
21. c3 Bg7 22. a4 axb4 23. cxb4 e5 24. Qc3 Kh8 25. Qc4 e4 26. dxe4 fxe4 27.
Nxe4 Qe5 28. Rfe1 Rxa4 29. Bc5 Be6 30. Qc1 Qf5 31. Qd1 Rfa8 32. Bd4 Qd5 33.
Bxg7+ Kxg7 34. Nc5 Bf5 35. Qxd5 cxd5 36. Nxa4 Bxb1 37. Rxb1 Rxa4 38. b5 Ra7 39.
b6 Rb7 40. Kf2 Kf6 41. Ke3 Ke5 42. Rb5 Rb8 43. b7 Kd6 44. Kd4 Kc6 45. Rc5+ Kd6
46. Rxd5+ Kc6 47. Rc5+ Kb6 48. Kc4 1-0

[Event "CZECH OPEN 2011 "]
[Site "Pardubice (CZE)"]
[Date "2011.07.24"]
[Round "3.97"]
[White "Biriukov, Oleg V"]
[Black "Wagener, Claude"]
[Result "1-0"]
[WhiteElo "2339"]
[BlackElo "2232"]
[PlyCount "47"]
[EventDate "2011.07.22"]

1. Nf3 Nf6 2. c4 g6 3. Nc3 d5 4. Qa4+ Bd7 5. Qb3 dxc4 6. Qxc4 a6 7. e4 b5 8.
Qe2 c5 9. e5 Nh5 10. d4 Nc6 11. d5 Nd4 12. Nxd4 cxd4 13. Ne4 Bc8 14. g4 Ng7 15.
Bg2 Bb7 16. Bg5 Qa5+ 17. Bd2 Qb6 18. O-O Rd8 19. Rfe1 h5 20. Nf6+ exf6 21.
exf6+ Kd7 22. fxg7 Bxg7 23. Qe7+ Kc8 24. Bf4 1-0

[Event "CZECH OPEN 2011 "]
[Site "Pardubice (CZE)"]
[Date "2011.07.24"]
[Round "3.99"]
[White "Majer, Jiri"]
[Black "Krensing, Jan"]
[Result "1-0"]
[WhiteElo "2217"]
[BlackElo "2315"]
[PlyCount "69"]
[EventDate "2011.07.22"]

1. d4 Nf6 2. Nf3 e6 3. g3 b5 4. Bg2 d5 5. O-O Nbd7 6. Bf4 c5 7. a4 b4 8. c4
bxc3 9. Nxc3 Ba6 10. Re1 Be7 11. Ne5 cxd4 12. Nb5 g5 13. Nc6 Qb6 14. Nc7+ Kf8
15. Nxe7 gxf4 16. Nxa8 Qb7 17. Rc1 Kxe7 18. Nc7 fxg3 19. hxg3 Rc8 20. Nxa6 Rxc1
21. Qxc1 Qxa6 22. b3 Qb6 23. Qf4 e5 24. Qg5 Qxb3 25. Bh3 Kd6 26. Rc1 Qxa4 27.
Qh6 Ke7 28. Bf5 Qa2 29. Qg5 Kd6 30. Qg7 Ke7 31. Rc6 Qxe2 32. Re6+ Kd8 33. Qxf7
e4 34. Qe7+ Kc7 35. Rxf6 1-0

[Event "CZECH OPEN 2011 "]
[Site "Pardubice (CZE)"]
[Date "2011.07.24"]
[Round "3.68"]
[White "Saric, Kristina"]
[Black "Rojicek, Vojtech"]
[Result "0-1"]
[WhiteElo "2246"]
[BlackElo "2396"]
[PlyCount "64"]
[EventDate "2011.07.22"]

1. e4 c5 2. Nf3 d6 3. d4 cxd4 4. Nxd4 Nf6 5. f3 Nc6 6. c4 g6 7. Be3 Bg7 8. Qd2
O-O 9. Nc3 a6 10. Be2 Be6 11. Nxe6 fxe6 12. O-O Nd7 13. f4 Nc5 14. e5 Qa5 15.
exd6 Rfd8 16. Qe1 Rxd6 17. Kh1 Nd4 18. Qf2 Qb4 19. Rab1 Rad8 20. Rfc1 b6 21.
Bf1 Nf5 22. a3 Qb3 23. Bxc5 Rd2 24. Qe1 bxc5 25. Qxe6+ Kh8 26. Ne4 Rxb2 27. Ng5
Bf6 28. Nf7+ Kg7 29. Nxd8 Rxb1 30. Qe1 Rxc1 31. Qxc1 Nd4 32. Qe1 Qb6 0-1

[Event "CZECH OPEN 2011 "]
[Site "Pardubice (CZE)"]
[Date "2011.07.24"]
[Round "3.69"]
[White "Aliavdin, Nikolai"]
[Black "Sakovich, Igor"]
[Result "0-1"]
[WhiteElo "2392"]
[BlackElo "2218"]
[PlyCount "112"]
[EventDate "2011.07.22"]

1. e4 c5 2. Nf3 e6 3. d4 cxd4 4. Nxd4 a6 5. Bd3 Bc5 6. Nb3 Ba7 7. Qe2 Nc6 8.
Be3 Bxe3 9. Qxe3 Nge7 10. N1d2 O-O 11. f4 d6 12. O-O-O b5 13. Kb1 Qc7 14. Nf3
f6 15. g4 e5 16. f5 d5 17. exd5 Nxd5 18. Qc5 Nf4 19. Be4 Bb7 20. Rd6 Rac8 21.
Rhd1 Nb8 22. Qxc7 Rxc7 23. Bxb7 Rxb7 24. Nc5 Rd7 25. c3 Kf7 26. g5 Rc7 27. Ne4
Ke7 28. gxf6+ gxf6 29. Rb6 Rd7 30. Rxd7+ Nxd7 31. Rxa6 Nd5 32. Re6+ Kd8 33. Rd6
N5b6 34. Nc5 Kc7 35. Rxb6 Nxc5 36. Rxb5 Ne4 37. Rb4 Nd6 38. Rh4 Rf7 39. Rh5 Kc6
40. Kc2 Kd5 41. b3 Ke4 42. Nd2+ Kf4 43. Nc4 Nxc4 44. Rh4+ Kf3 45. Rxc4 e4 46.
Rc6 e3 47. Re6 e2 48. a4 Rd7 49. a5 Rd6 50. Rxe2 Kxe2 51. c4 Ke3 52. Kc3 Ke4
53. c5 Rd1 54. Kc4 Kxf5 55. a6 Ke6 56. Kb5 Kd7 0-1

[Event "CZECH OPEN 2011 "]
[Site "Pardubice (CZE)"]
[Date "2011.07.25"]
[Round "4.1"]
[White "Zakhartsov, Viacheslav V"]
[Black "Teske, Henrik"]
[Result "1/2-1/2"]
[WhiteElo "2578"]
[BlackElo "2529"]
[PlyCount "36"]
[EventDate "2011.07.22"]

1. d4 d5 2. c4 e6 3. Nc3 Nf6 4. cxd5 Nxd5 5. e4 Nxc3 6. bxc3 c5 7. Nf3 cxd4 8.
cxd4 Bb4+ 9. Bd2 Bxd2+ 10. Qxd2 O-O 11. Bc4 b6 12. O-O Nd7 13. Rfe1 Bb7 14.
Rad1 Rc8 15. Bb3 Qf6 16. h3 Rfd8 17. Re3 Qf4 18. Qe1 h6 1/2-1/2

[Event "CZECH OPEN 2011 "]
[Site "Pardubice (CZE)"]
[Date "2011.07.25"]
[Round "4.3"]
[White "Panchanathan, Magesh Chandran"]
[Black "Haba, Petr"]
[Result "1-0"]
[WhiteElo "2556"]
[BlackElo "2504"]
[PlyCount "89"]
[EventDate "2011.07.22"]

1. d4 d5 2. c4 c6 3. Nf3 Nf6 4. e3 g6 5. Nc3 Bg7 6. cxd5 cxd5 7. Bb5+ Bd7 8.
Qb3 Bxb5 9. Qxb5+ Qd7 10. Ne5 Qxb5 11. Nxb5 Na6 12. b3 Nd7 13. Nd3 Nb6 14. a4
Kd7 15. Ba3 Nc8 16. Rc1 Nd6 17. Bxd6 exd6 18. Kd2 g5 19. h4 h6 20. hxg5 hxg5
21. Rxh8 Bxh8 22. Rh1 Bf6 23. Rh7 Ke7 24. g4 Rd8 25. Nxa7 Nc7 26. Nb4 Ke6 27.
Rh6 Ra8 28. Nb5 Nxb5 29. axb5 Rh8 30. Rxh8 Bxh8 31. Kd3 Bf6 32. f4 gxf4 33.
exf4 Bd8 34. Ke3 Ba5 35. f5+ Kf6 36. Nxd5+ Kg5 37. Kf3 Bd2 38. Nb6 Ba5 39. Nc4
Bb4 40. Ne3 Bd2 41. Nd5 Be1 42. Ke4 Kxg4 43. Nf6+ Kg5 44. Ne8 Bb4 45. f6 1-0

[Event "CZECH OPEN 2011 "]
[Site "Pardubice (CZE)"]
[Date "2011.07.25"]
[Round "4.4"]
[White "De La Villa Garcia, Jesus Maria"]
[Black "Shanava, Konstantine"]
[Result "0-1"]
[WhiteElo "2490"]
[BlackElo "2535"]
[PlyCount "70"]
[EventDate "2011.07.22"]

1. d4 g6 2. e4 Bg7 3. Nf3 c6 4. Bd3 d5 5. Nc3 Bg4 6. O-O e6 7. h3 Bxf3 8. Qxf3
Ne7 9. Bg5 O-O 10. Rfe1 Bxd4 11. exd5 cxd5 12. Bxe7 Qxe7 13. Nxd5 Qd8 14. Ne3
Nc6 15. Rad1 Qc7 16. c3 Bg7 17. Be4 Ne5 18. Qe2 Rab8 19. Bc2 b5 20. a3 a5 21.
Bb3 h5 22. Nc2 Kh7 23. Nd4 Qb6 24. Nf3 Nxf3+ 25. Qxf3 b4 26. axb4 axb4 27. Bc2
bxc3 28. bxc3 Qc5 29. Rd7 Kg8 30. Re3 Rb2 31. Bd3 Bh6 32. Re2 Qxc3 33. Rxb2
Qxb2 34. h4 Qa1+ 35. Kh2 Qa4 0-1

[Event "CZECH OPEN 2011 "]
[Site "Pardubice (CZE)"]
[Date "2011.07.25"]
[Round "4.5"]
[White "Maslak, Konstantin"]
[Black "Rasik, Vitezslav"]
[Result "1/2-1/2"]
[WhiteElo "2561"]
[BlackElo "2475"]
[PlyCount "73"]
[EventDate "2011.07.22"]

1. d4 d6 2. Nf3 g6 3. g3 Nf6 4. Bg2 Bg7 5. O-O O-O 6. c4 Nc6 7. Nc3 a6 8. Qd3
Nd7 9. Be3 Rb8 10. Qd2 Re8 11. Rfd1 b5 12. cxb5 axb5 13. Rac1 Na5 14. b3 Nf6
15. Ne1 b4 16. Nd5 Nxd5 17. Bxd5 Bb7 18. Bxb7 Rxb7 19. Bh6 Bh8 20. e4 Qd7 21.
Be3 Reb8 22. Qc2 Ra8 23. Kg2 Ra6 24. Qe2 Ra8 25. Nd3 Nc6 26. Rc4 Rab8 27. Rdc1
Na5 28. R4c2 c6 29. h4 h5 30. Kh2 Bg7 31. f3 Rb5 32. Qf2 Rf8 33. Qd2 Rfb8 34.
Kg2 Kh7 35. Qe2 Kg8 36. Kh2 Kh7 37. Kg2 1/2-1/2

[Event "CZECH OPEN 2011 "]
[Site "Pardubice (CZE)"]
[Date "2011.07.25"]
[Round "4.6"]
[White "Schlosser, Philipp"]
[Black "Dzhakaev, Dzhakay"]
[Result "0-1"]
[WhiteElo "2599"]
[BlackElo "2478"]
[PlyCount "78"]
[EventDate "2011.07.22"]

1. d4 d5 2. c4 c6 3. Nc3 Nf6 4. e3 a6 5. Nf3 b5 6. b3 Bg4 7. Bd2 Nbd7 8. h3
Bxf3 9. Qxf3 b4 10. Na4 e5 11. Qd1 Ne4 12. Bd3 Nxd2 13. Qxd2 Qg5 14. O-O exd4
15. cxd5 cxd5 16. f4 Qf6 17. e4 dxe4 18. Bxe4 Rd8 19. g4 Be7 20. g5 Qd6 21.
Rac1 O-O 22. Rc6 Qb8 23. Rxa6 Rfe8 24. Qd3 g6 25. h4 Bd6 26. f5 Ne5 27. Qh3 Qb5
28. Ra7 Bb8 29. Rb7 Qe2 30. Bg2 d3 31. fxg6 hxg6 32. h5 Qxh5 33. Qxh5 gxh5 34.
Nb2 Rd4 35. Nc4 Nxc4 36. bxc4 d2 37. Bf3 Rf4 38. Bxh5 Re1 39. Rxb8+ Kg7 0-1

[Event "CZECH OPEN 2011 "]
[Site "Pardubice (CZE)"]
[Date "2011.07.25"]
[Round "4.7"]
[White "Kovacevic, Blazimir"]
[Black "Vorobiov, Evgeny E"]
[Result "1/2-1/2"]
[WhiteElo "2480"]
[BlackElo "2574"]
[PlyCount "40"]
[EventDate "2011.07.22"]

1. g3 c5 2. Bg2 Nc6 3. c4 g6 4. Nc3 Bg7 5. Nf3 e6 6. d3 Nge7 7. Bg5 h6 8. Bd2
d5 9. Rb1 O-O 10. Qc1 Kh7 11. O-O b6 12. a3 a5 13. Qc2 Bb7 14. Na4 Rb8 15. Rfd1
Ba8 16. b4 axb4 17. axb4 Nxb4 18. Bxb4 cxb4 19. Rxb4 Bc6 20. Rdb1 dxc4 1/2-1/2

[Event "CZECH OPEN 2011 "]
[Site "Pardubice (CZE)"]
[Date "2011.07.25"]
[Round "4.8"]
[White "Maximov, Dmitry"]
[Black "Grigoriants, Sergey"]
[Result "1/2-1/2"]
[WhiteElo "2479"]
[BlackElo "2566"]
[PlyCount "107"]
[EventDate "2011.07.22"]

1. e4 e5 2. Nf3 Nc6 3. Bb5 a6 4. Ba4 Nf6 5. O-O Be7 6. Re1 b5 7. Bb3 d6 8. c3
O-O 9. h3 Nb8 10. d4 Nbd7 11. Nbd2 Bb7 12. Bc2 Re8 13. Nf1 Bf8 14. Ng3 g6 15.
a4 c5 16. b3 d5 17. Bg5 cxd4 18. cxd4 Qb6 19. axb5 Nxe4 20. Nxe4 dxe4 21. bxa6
Rxa6 22. Rxa6 Qxa6 23. Bxe4 Bxe4 24. Rxe4 h6 25. Bc1 f5 26. Re1 e4 27. Ne5 Nxe5
28. dxe5 Qe6 29. Bb2 Bg7 30. f4 exf3 31. Qxf3 Rb8 32. Re3 Kh7 33. Kh1 Rb4 34.
Ba3 Re4 35. Rxe4 fxe4 36. Qxe4 Qxb3 37. Bd6 h5 38. Kh2 Qe6 39. Qd4 Kg8 40. Bb8
Kf7 41. Qa7+ Kg8 42. Qc7 Bf8 43. Qd8 Kf7 44. Bd6 Bxd6 45. Qxd6 Qxd6 46. exd6
Ke6 47. Kg3 Kxd6 48. Kf4 Ke6 49. Kg5 Kf7 50. Kh6 Kf6 51. g4 hxg4 52. hxg4 g5
53. Kh5 Kf7 54. Kxg5 1/2-1/2

[Event "CZECH OPEN 2011 "]
[Site "Pardubice (CZE)"]
[Date "2011.07.25"]
[Round "4.9"]
[White "Kanovsky, David"]
[Black "Simantsev, Mikhail"]
[Result "1/2-1/2"]
[WhiteElo "2478"]
[BlackElo "2558"]
[PlyCount "107"]
[EventDate "2011.07.22"]

1. e4 c5 2. Nf3 e6 3. d4 cxd4 4. Nxd4 a6 5. Nc3 b5 6. Bd3 Bc5 7. Be3 Qb6 8. Be2
Nc6 9. Nxc6 dxc6 10. Bxc5 Qxc5 11. Qd2 Nf6 12. O-O-O O-O 13. Bf3 e5 14. Qd6
Qxf2 15. Qxe5 Be6 16. Kb1 Rfe8 17. Qd6 Nd7 18. Rhf1 Qb6 19. b3 Rad8 20. e5 Nb8
21. Qb4 Rxd1+ 22. Rxd1 Nd7 23. Qd6 Rc8 24. Ne4 h6 25. Bh5 Re8 26. Rf1 Qe3 27.
Qxc6 Rf8 28. Nd6 Nxe5 29. Qxa6 g6 30. Bf3 Nxf3 31. gxf3 b4 32. Qb7 Qf4 33. Ne4
Rb8 34. Qa7 Qxh2 35. Qd4 Rc8 36. Rf2 Qg1+ 37. Kb2 Bf5 38. Nf6+ Kf8 39. Nh7+ Kg8
40. Nf6+ Kf8 41. Qxb4+ Kg7 42. Ne4 Bxe4 43. Qd4+ Kg8 44. fxe4 Qg3 45. Qf6 Qc7
46. a4 h5 47. e5 Re8 48. Re2 Re6 49. Qf4 f6 50. Qh6 fxe5 51. Re4 Qd7 52. Rb4
Rb6 53. Rc4 Rc6 54. Rxc6 1/2-1/2

[Event "CZECH OPEN 2011 "]
[Site "Pardubice (CZE)"]
[Date "2011.07.25"]
[Round "4.10"]
[White "Baryshpolets, Andrey"]
[Black "Lintchevski, Daniil"]
[Result "1-0"]
[WhiteElo "2474"]
[BlackElo "2553"]
[PlyCount "67"]
[EventDate "2011.07.22"]

1. d4 d5 2. c4 dxc4 3. Nf3 a6 4. e3 Nf6 5. Bxc4 e6 6. O-O c5 7. Bb3 Be7 8. Qe2
cxd4 9. Rd1 Nc6 10. exd4 Na5 11. Bc2 b5 12. a4 b4 13. Nbd2 Bb7 14. Nb3 Nxb3 15.
Bxb3 Bd5 16. Bc2 a5 17. Ne5 O-O 18. Bg5 Rc8 19. Rac1 g6 20. h4 Re8 21. Bd3 Rxc1
22. Rxc1 Nh5 23. Bxe7 Qxe7 24. g3 Qb7 25. Ba6 Qa8 26. Rc7 Rf8 27. Nxf7 Bh1 28.
Nh6+ Kh8 29. Qe5+ Nf6 30. Nf7+ Kg7 31. Ng5+ Kg8 32. Bb7 Bxb7 33. Qxe6+ Kh8 34.
Qe7 1-0

[Event "CZECH OPEN 2011 "]
[Site "Pardubice (CZE)"]
[Date "2011.07.25"]
[Round "4.12"]
[White "Levin, Evgeny A"]
[Black "Stefansson, Hannes"]
[Result "0-1"]
[WhiteElo "2465"]
[BlackElo "2546"]
[PlyCount "70"]
[EventDate "2011.07.22"]

1. d4 Nf6 2. c4 e6 3. Nc3 Bb4 4. e3 O-O 5. Bd3 d5 6. Nf3 c5 7. O-O cxd4 8. exd4
dxc4 9. Bxc4 b6 10. Bg5 Bb7 11. Qd3 Nbd7 12. Rac1 a6 13. a4 Qb8 14. h3 Rc8 15.
Bb3 Bc6 16. Bxf6 Nxf6 17. Ne5 Bb7 18. Qe3 Qd6 19. Na2 Nd5 20. Qf3 f6 21. Nc4
Qe7 22. Nxb4 Qxb4 23. Qg3 Rc6 24. Na3 Rxc1 25. Rxc1 Qxd4 26. Bxd5 Bxd5 27. Rc7
f5 28. Nb1 Rd8 29. Nc3 Qf6 30. Qe3 Ba8 31. Qxb6 Qg5 32. Qxe6+ Kh8 33. Rc6 Bxc6
34. Qxc6 Qc1+ 35. Kh2 Qxb2 0-1

[Event "CZECH OPEN 2011 "]
[Site "Pardubice (CZE)"]
[Date "2011.07.25"]
[Round "4.13"]
[White "Danin, Alexandre"]
[Black "Neuman, Petr"]
[Result "1-0"]
[WhiteElo "2538"]
[BlackElo "2454"]
[PlyCount "239"]
[EventDate "2011.07.22"]

1. e4 c6 2. d4 d5 3. Nc3 g6 4. h3 Bg7 5. Nf3 dxe4 6. Nxe4 Nf6 7. Nxf6+ exf6 8.
Bd3 O-O 9. O-O Qd6 10. Be3 Be6 11. c3 Rd8 12. Nd2 Nd7 13. Bc4 Bxc4 14. Nxc4 Qd5
15. Qb3 Nf8 16. Nd2 Qd7 17. a4 Ne6 18. Nf3 f5 19. Rad1 a6 20. d5 cxd5 21. Bb6
Nc7 22. c4 Re8 23. cxd5 Re4 24. Nd2 Re5 25. Bxc7 Qxc7 26. d6 Qc6 27. Nc4 Rc5
28. Nb6 Rd8 29. d7 Qe6 30. Qb4 Bf8 31. a5 Re5 32. Qc3 Bc5 33. Rd2 Be7 34. Rfd1
Rc5 35. Qg3 Rxa5 36. Nc8 Re5 37. Nxe7+ Qxe7 38. Kh2 h5 39. Qc3 Rc5 40. Qb4 Kf8
41. Qxb7 a5 42. Qb6 Re5 43. Qd4 Qc5 44. Qf4 Kg7 45. Rc1 Qxc1 46. Qxe5+ Kh7 47.
Qd6 Qc4 48. Rd4 Qe6 49. Qc7 Qe7 50. Rd1 h4 51. Rd5 Kg8 52. Qc1 Qe6 53. Qc5 f6
54. Qc7 Qe7 55. Qc4 Kg7 56. Qc8 Kf7 57. Rd1 Kg7 58. Kg1 g5 59. Kf1 Kg6 60. Qc7
Kh6 61. Rd2 Kg6 62. Rd1 Kh6 63. Rd6 Kg6 64. Rd5 Kf7 65. Qc4 Qe6 66. Qb5 Kg6 67.
Qd3 Kf7 68. Qb5 Kg6 69. Qd3 Kf7 70. Rd4 Kg6 71. Qd2 Qe5 72. Kg1 Qe6 73. Rd3 Kf7
74. Rd6 Qe7 75. Qd5+ Kg6 76. Kh2 Kg7 77. Qd2 Kg6 78. Rd5 Qe6 79. Kg1 Kf7 80.
Rd3 Kg6 81. Kf1 Kf7 82. Qd1 Kg6 83. Rd5 Kg7 84. Qd3 Kf7 85. b3 Kg6 86. Qd4 Kf7
87. Qc4 Kg6 88. Rd1 Kf7 89. Qb5 Kg6 90. Rd3 Kf7 91. Rd2 Kg6 92. Rd5 Kf7 93. Qc4
Kg6 94. Qd3 Kf7 95. Qxf5 Qxf5 96. Rxf5 Rxd7 97. Rxa5 Rd2 98. Rb5 Rb2 99. Rb8
Kg6 100. b4 Rb1+ 101. Ke2 Rb2+ 102. Ke3 Rb3+ 103. Kd4 Rb2 104. Ke3 Rb3+ 105.
Ke4 Rb2 106. b5 Rxf2 107. b6 Rb2 108. b7 Rb4+ 109. Kd5 Kf5 110. Kc6 Rc4+ 111.
Kb5 Rc2 112. Rc8 Rb2+ 113. Kc6 Kf4 114. b8=Q+ Rxb8 115. Rxb8 Kg3 116. Rb2 f5
117. Kd5 g4 118. Ke5 gxh3 119. gxh3 f4 120. Rb3+ 1-0

[Event "CZECH OPEN 2011 "]
[Site "Pardubice (CZE)"]
[Date "2011.07.25"]
[Round "4.14"]
[White "Rozum, Ivan"]
[Black "Kovalev, Andrei"]
[Result "1-0"]
[WhiteElo "2464"]
[BlackElo "2531"]
[PlyCount "113"]
[EventDate "2011.07.22"]

1. d4 Nf6 2. c4 g6 3. g3 Bg7 4. Bg2 O-O 5. Nc3 d6 6. Nf3 Nc6 7. O-O Bf5 8. d5
Na5 9. Nd4 Bd7 10. b3 c5 11. dxc6 bxc6 12. Bb2 Qc8 13. Re1 Rb8 14. Rb1 Bh3 15.
Bh1 e5 16. Nc2 Rd8 17. Qd2 Be6 18. Na4 Nb7 19. Nb4 Bd7 20. Na6 Ra8 21. c5 Bf5
22. e4 Bg4 23. cxd6 Nxd6 24. Qa5 Nd7 25. Rbc1 Qb7 26. N6c5 Qb5 27. Qc3 Nxc5 28.
Nxc5 a5 29. Na4 Rac8 30. Bf3 h5 31. Bxg4 hxg4 32. Qe3 f6 33. Rc5 Qa6 34. Kg2
Nf7 35. h3 gxh3+ 36. Kxh3 Ng5+ 37. Kg2 Rd3 38. Qe2 Nf3 39. Rd1 Rcd8 40. Rc3
Nh4+ 41. gxh4 Rg3+ 42. Kxg3 Qxe2 43. Rxd8+ Kh7 44. Re3 Qf1 45. Rd7 Kg8 46. Nc5
Bh6 47. Red3 Bf8 48. Rd8 Kf7 49. R3d7+ Be7 50. Rh8 f5 51. Rh7+ Kf8 52. Rhxe7
Qg1+ 53. Kf3 Qg4+ 54. Ke3 Qf4+ 55. Ke2 Qg4+ 56. Kf1 Qh3+ 57. Ke1 1-0

[Event "CZECH OPEN 2011 "]
[Site "Pardubice (CZE)"]
[Date "2011.07.25"]
[Round "4.15"]
[White "Velicka, Petr"]
[Black "Luther, Thomas"]
[Result "1-0"]
[WhiteElo "2461"]
[BlackElo "2515"]
[PlyCount "79"]
[EventDate "2011.07.22"]

1. e4 e5 2. Nf3 Nc6 3. Bb5 Nge7 4. d4 exd4 5. Nxd4 Nxd4 6. Qxd4 Nc6 7. Bxc6
dxc6 8. Qxd8+ Kxd8 9. Nc3 Be6 10. Bf4 Kc8 11. O-O-O a5 12. a3 Be7 13. Ne2 Re8
14. Rd2 a4 15. Rhd1 Rd8 16. Nd4 Bd7 17. f3 g6 18. g4 Ra5 19. h3 Be8 20. Ne2
Rxd2 21. Bxd2 Ra6 22. Nf4 Ra8 23. Bb4 Bg5 24. Bd2 b6 25. h4 Bxh4 26. Rh1 Bf6
27. Rxh7 Kb7 28. Nd3 c5 29. g5 Bd8 30. Bf4 c4 31. Ne5 c3 32. Nxf7 cxb2+ 33.
Kxb2 Bxf7 34. Rxf7 Ra5 35. e5 Rb5+ 36. Kc1 Kc6 37. Rg7 Rc5 38. Rxg6+ Kd5 39.
Rg8 Be7 40. Re8 1-0

[Event "CZECH OPEN 2011 "]
[Site "Pardubice (CZE)"]
[Date "2011.07.25"]
[Round "4.16"]
[White "Andreev, Eduard"]
[Black "Cvek, Robert"]
[Result "1/2-1/2"]
[WhiteElo "2458"]
[BlackElo "2506"]
[PlyCount "32"]
[EventDate "2011.07.22"]

1. e4 c5 2. Nf3 e6 3. g3 Nc6 4. Bg2 Nf6 5. Qe2 d6 6. O-O Be7 7. c3 O-O 8. d4
cxd4 9. cxd4 d5 10. e5 Ne4 11. Nbd2 Nxd2 12. Bxd2 Bd7 13. Rfd1 Qb6 14. Be3 Rfc8
15. h4 Nb4 16. Rd2 Ba4 1/2-1/2